¡Inglaterra señora del mundo! (Record no. 159014)

MARC details
000 -LEADER
campo de control de longitud fija 00683nam a2200169 i 4500
001 - NÚMERO DE CONTROL
campo de control 159014
003 - IDENTIFICADOR DE NÚMERO DE CONTROL
campo de control ES-MaACL
005 - FECHA Y HORA DE LA ÚLTIMA TRANSACCIÓN
campo de control 20230906211420.0
008 - DATOS DE LONGITUD FIJA--INFORMACIÓN GENERAL
campo de control de longitud fija 970605s1899 sp |||| | spa d
100 1# - ENTRADA PRINCIPAL--NOMBRE DE PERSONA
Nombre de persona Martínez Unciti, Ricardo.
9 (RLIN) 129638
245 11 - MENCIÓN DEL TÍTULO
Título ¡Inglaterra señora del mundo!
Resto del título : notas de palpitante actualidad basadas en el estudio de la historia y del arte militar /
Mención de responsabilidad, etc. por Ricardo Martínez Unciti.
260 ## - PUBLICACIÓN, DISTRIBUCIÓN, ETC.
Lugar de publicación, distribución, etc. Madrid :
Nombre del editor, distribuidor, etc. Librería de Leopoldo Martínez,
Fecha de publicación, distribución, etc. 1899 (
Fabricante Imp. de Ricardo Rojas)
300 ## - DESCRIPCIÓN FÍSICA
Extensión XVI, 432 p. ;
Dimensiones 19 cm.
505 8# - NOTA DE CONTENIDO CON FORMATO
Nota de contenido con formato Bibliografía : p. 287-420
651 #4 - PUNTO DE ACCESO ADICIONAL DE MATERIA--NOMBRE GEOGRÁFICO
Nombre geográfico Gran Bretaña-
Subdivisión general Historia-
Subdivisión cronológica S.XIX.
9 (RLIN) 149699
852 ## - LOCALIZACIÓN
Ubicación ES-MaACL
Número de control de estantería B-3281
Nota libre - Enc. hol.
Holdings
Estatus retirado Estado de pérdida Estado de daño No para préstamo Colección Biblioteca de origen Biblioteca actual Ubicación en estantería Fecha de adquisición Fuente de adquisición Total de préstamos Signatura topográfica completa Código de barras Visto por última vez Precio de reemplazo Tipo de ítem Koha
        Libros del s. XIX Biblioteca del Ateneo de Madrid Biblioteca del Ateneo de Madrid Sala Pardo Bazán 17/01/2008     B-3281 1166460 23/02/2023 23/02/2023 Libro impreso antiguo